Anna et son orchestre : (Record no. 63417)
[ view plain ]
| 000 -LEADER | |
|---|---|
| fixed length control field | 00605nam a2200229 a 4500 |
| 001 - CONTROL NUMBER | |
| control field | 63417 |
| 003 - CONTROL NUMBER IDENTIFIER | |
| rucl marc code | BD-RjUL |
| 005 - DATE AND TIME OF LATEST TRANSACTION | |
| control field | 20211209081208.0 |
| 008 - FIXED-LENGTH DATA ELEMENTS--GENERAL INFORMATION | |
| fixed length control field | 170130s1975 fr 000 1 fre |
| 020 ## - INTERNATIONAL STANDARD BOOK NUMBER | |
| Terms of availability | 32.00F |
| 035 ## - SYSTEM CONTROL NUMBER | |
| System control number | (BD-RjUL)63546 |
| 040 ## - CATALOGING SOURCE | |
| Original cataloging agency | DLC |
| Transcribing agency | DLC |
| Modifying agency | BD-RjUL |
| Language of cataloging | eng |
| 041 ## - LANGUAGE CODE | |
| Language code of text/sound track or separate title | eng |
| 082 00 - DEWEY DECIMAL CLASSIFICATION NUMBER | |
| Classification number | 843.914 |
| Edition number | 23 |
| Author mark and year | JOA 1975 |
| 100 1# - MAIN ENTRY--PERSONAL NAME | |
| Personal name | Joffo, Joseph. |
| 9 (RLIN) | 188679 |
| 245 10 - TITLE STATEMENT | |
| Title | Anna et son orchestre : |
| Remainder of title | roman / |
| Statement of responsibility, etc. | Joseph Joffo. |
| 260 ## - PUBLICATION, DISTRIBUTION, ETC. (IMPRINT) | |
| Place of publication, distribution, etc. | Paris : |
| Name of publisher, distributor, etc. | J. C. Lattès, |
| Date of publication, distribution, etc. | c1975. |
| 300 ## - PHYSICAL DESCRIPTION | |
| Pagination | 250 p. ; |
| Size | 22 cm. |
| 650 ## - SUBJECT ADDED ENTRY--TOPICAL TERM | |
| Topical term or geographic name as entry element | French fiction |
| 9 (RLIN) | 187010 |
| 942 ## - ADDED ENTRY ELEMENTS (KOHA) | |
| Source of classification or shelving scheme | Dewey Decimal Classification |
| Koha item type | Books |
| Lost status | Source of classification or shelving scheme | Damaged status | Not for loan | Collection code | Permanent Location | Current Location | Shelving location | Date acquired | Source of acquisition | Total Checkouts | Full call number | Date last seen | Copy number | Koha item type |
|---|---|---|---|---|---|---|---|---|---|---|---|---|---|---|
| Dewey Decimal Classification | Not For Loan | Fiction | Central Library, University of Rajshahi | Central Library, University of Rajshahi | Reading Room | 25/05/2008 | R.U.C.L. | 843.914 JOA 1975 | 30/01/2017 | C-1 | Books |